La luz de Asia : (Record no. 69095)
[ view plain ]
| 000 -LEADER | |
|---|---|
| fixed length control field | 00588nam a22001937a 4500 |
| 005 - DATE AND TIME OF LATEST TRANSACTION | |
| control field | 20230627133638.0 |
| 008 - FIXED-LENGTH DATA ELEMENTS--GENERAL INFORMATION | |
| fixed length control field | 141104t mx ||||| |||| 00| 0 spa d |
| 050 04 - LIBRARY OF CONGRESS CALL NUMBER | |
| Classification number | BL1420 |
| Item number | A76 1943 |
| 100 1# - MAIN ENTRY--PERSONAL NAME | |
| Personal name | Arnold, Edwin |
| 245 13 - TITLE STATEMENT | |
| Title | La luz de Asia : |
| Remainder of title | La gran abdicación (Mahabhinishkramana) / |
| Statement of responsibility, etc | Edwin Arnold, |
| 250 ## - EDITION STATEMENT | |
| Edition statement | 1a ed. |
| 260 ## - PUBLICATION, DISTRIBUTION, ETC. (IMPRINT) | |
| Place of publication, distribution, etc | México : |
| Name of publisher, distributor, etc | Kier |
| Date of publication, distribution, etc | 1943 |
| 300 ## - PHYSICAL DESCRIPTION | |
| Extent | 170 p. ; |
| Dimensions | 19 cm. |
| 504 ## - BIBLIOGRAPHY, ETC. NOTE | |
| Bibliography, etc | Incluye: Indice |
| 650 #7 - SUBJECT ADDED ENTRY--TOPICAL TERM | |
| Source of heading or term | Lemb |
| Topical term or geographic name as entry element | Filosofía |
| General subdivision | Religión |
| 650 #7 - SUBJECT ADDED ENTRY--TOPICAL TERM | |
| Source of heading or term | Lemb |
| Topical term or geographic name as entry element | Filosofía |
| General subdivision | Budismo |
| 700 1# - ADDED ENTRY--PERSONAL NAME | |
| Personal name | Cabrera,Rafael , |
| Relator term | Versión Española |
| 942 ## - ADDED ENTRY ELEMENTS (KOHA) | |
| Source of classification or shelving scheme | Biblioteca del Cogreso de los Estados Unidos |
| Koha item type | Libro |
| Estado de pérdida | Fuente de clasificación | Estado del daño | No para préstamo | Ubicación permanente | Ubicación actual | Apartado o colección | Fecha de adquisición | Área del conocimiento | Clasificación | Código de Barras | Date last seen | Número de copia | Tipo de recurso | Edición | Dependencia de educación superior (DES) | Costo por reposición |
|---|---|---|---|---|---|---|---|---|---|---|---|---|---|---|---|---|
| Biblioteca del Cogreso de los Estados Unidos | Biblioteca de la Facultad de Filosofía | Biblioteca de la Facultad de Filosofía | General | 04/11/2014 | BL 1420 A76 1915 | BFF000008559 | 16/01/2015 | C: 1 | Libro | |||||||
| Biblioteca del Cogreso de los Estados Unidos | Biblioteca de la Facultad de Filosofía | Biblioteca de la Facultad de Filosofía | General | 04/11/2014 | Educación y Humanidades | BL1420 A76 1943 | BFF000008560 | 16/01/2015 | C: 1 | Libro | 1a ed. | Humanidades | 1.00 |